000 01195ny a22002893n 4500
005 20240305165340.0
008 100909s2010 bl 000 0 por d
022 _a1980-9484
035 _a4992
040 _aBUS
_dvLex
080 _a341(05)
090 _c2020
_d2020
245 0 0 _aAnuàrio Brasileiro de Direito Internacional
_h[Recurso electrónico]
256 _aServicio en línea
260 _aRio de Janeiro :
_bCentro de Direito Internacional
310 _aAnual
506 1 _aContenido solo disponible en los productos indicados
_dvLex Global
_dvLex Global (Academic Edition, excluding Law Schools)
_dvLex Global (U.S. Academic Edition, Law Schools)
_dvLex Global (U.S. Academic Edition, excluding Law Schools)
_dvLex Global (Academic Edition, Law Schools)
650 0 4 _aDerecho internacional privado
_2Tesauro vLex
650 0 4 _aDerecho internacional público
_2Tesauro vLex
650 0 4 _aDerecho extranjero
_2Tesauro vLex
650 0 4 _aDerecho internacional
_2Tesauro vLex
740 0 _avLex Revista (Servicios en línea)
843 _aElectrónica. Abierta
853 _81
_i(year)
_j(month)
_k(day)
856 4 0 _uhttps://app.vlex.com/#/sources/4992
942 _cRAA
999 _c160460
_d160460